| 000 | 00904nam2a2200253 4500 | ||
|---|---|---|---|
| 001 | RU\NLR\bibl\1731867 | ||
| 005 | 20250616080108.0 | ||
| 010 | _a978-5-9900981-2-1 | ||
| 021 |
_aRU _b2010-105596 _97134 |
||
| 035 | _a(NLR Aleph) 001722814 | ||
| 090 |
_a1350531 _c1350531 |
||
| 100 | _a20110204d2010 |||y0rusy50 ca | ||
| 101 | 0 | _arus | |
| 102 | _aRU | ||
| 105 | _aa ||||||||| | ||
| 200 | 0 | _aВып. N°1 | |
| 210 |
_d2010 _aБ. м. |
||
| 215 |
_a86 с. _cил. |
||
| 461 | 0 |
_1001RU\NLR\bibl\1874200 _12001#$aЮридическая консультация$vВып. N°1 _92570517 _cМосква _d2010 _n[б. и.] _oкнига для профкома от газеты "Солидарность" _tЮридическая консультация _vВып. N°1 |
|
| 801 | 0 |
_aRU _bNLR _c20110204 _gRCR |
|
| 801 | 1 |
_aRU _bNLR _c20110204 |
|
| 942 | _cBOOK | ||
| 980 | _aNB | ||